LEADER 01885nam a2200373 u 4500 001 000000016618 003 CaOOAMICUS 005 20070226110019.0 008 941216s1958 fr u000 u fre u 035 $a10388895 040 $aBAV$bita 041 1 $afre$agrc 100 0 $aIgnatius,$cs., vesc. di Antiochia,$dc. 35-c. 108.$0(OLS)http://pul/name/7373 240 10$aEpistulae$9(Ignatius, s., vesc. di Antiochia, c. 35-c. 108).$lFrancese e greco.$0(OLS)http://pul/title/23717 245 10$aLettres /$cIgnace d'Antioche, Polycarpe de Smyrne. Martyre de Polycarpe / texte grec, introduction, traduction et notes de P.Th. Camelot, O.P. 250 $a3. éd. rev. et augm. 260 $aParis :$bCerf,$c1958. 300 $a285 p. ;$c20 cm 490 1 $aSources chrétiennes ;$v10 500 $aTesto greco e trad. francese a fronte con la stessa numerazione di pagina. 500 $aComprende indici. 600 04$aPolycarpus,$cs., vesc. di Smirne,$dm. 155.$0(OLS)http://pul/subject/5850 700 1 $aCamelot, Pierre Thomas,$cO.P.,$d1901-$0(OLS)http://pul/name/1430 700 0 $aPolycarpus,$cs., vesc. di Smirne,$dm. 155.$0(OLS)http://pul/name/13107 730 02$aMartyrium Polycarpi.$lFrancese e greco.$0(OLS)http://pul/title/23718 830 0$aSources chrétiennes ;$v10.$0(OLS)http://pul/title/45 850 $aPUL 852 $aPUL$W1$xDP1 Fondo Maccarrone$y58$m1506 C 36$j23391$nBK-PRI$b $qFondi$B23391$CPULBib$Z2$F23391 $H $81 852 $aPUL$W1$xDP1 Fondo Gelio$y54$m2 A 45$j23392$nBK-PRI$b $qFondi$B23392$CPULBib$Z2$F23392 $H $81 900 $aIgnazio,$cs., vesc. di Antiochia,$dc. 35-c. 108$97373 941 1 $a1 961 $aINV: 01806 -- Fondo Mons. M. Maccarrone 996 $6245$aLettres$9(OLS)http://pul/title/1391 996 $6260$aParis :$bCerf$9(OLS)http://pul/publisher/48238 LEADER 01460nam a2200277 u 4500 001 000000036645 003 CaOOAMICUS 005 20070226112725.0 008 980327m19701973sp u000 u spa u 035 $a10787780 040 $aPUL(R)$bita 100 1 $aHervada, Javier,$d1934-$0(OLS)http://pul/name/3661 245 13$aEl derecho del pueblo de Dios :$bhacia un sistema de derecho canonico /$cJavier Hervada ; Pedro Lombardia. 260 $aPamplona :$bEdiciones Universidad de Navarra,$c1970-1973. 300 $a ;$c25 cm 505 1 $av.1: Introducción - La constitución de la Iglesia. -- v.3(1): Derecho matrimonial. 650 4$aMatrimonio (diritto canonico).$0(OLS)http://pul/subject/475 650 4$aDiritto costituzionale ecclesiastico.$0(OLS)http://pul/subject/1195 700 1 $aLombardía, Pedro.$0(OLS)http://pul/name/3664 850 $aPUL 852 $aPUL$W1$xSL Diritto Canonico 3$y77$m262. 99 CAN.1 208.1$j197911$nBK-PRI$b $qDDC 21$B50211$CPULBib$Z2$F50211 $H34366 $82 852 $aPUL$W1$xSL Diritto Canonico 3$y77$m262. 99 CAN.1 208.3.1$j197912$qDDC 21$B202642$CPULBib$Z2$F202642 $H39317 $82 941 1 $a9 960 $aDiritto matrimoniale canonico$9475 996 $6245$aEl derecho del pueblo de Dios :$bhacia un sistema de derecho canonico$9(OLS)http://pul/title/50047 996 $6260$aPamplona :$bEdiciones Universidad de Navarra$9(OLS)http://pul/publisher/48150